Winter holiday #4 / Arthur Ransome ; illustrated ... Read More
Available copies
- 1 of 1 copy available at LARL/NWRL Consortium.
- 1 of 1 copy available at Northwest Regional Library. (Show preferred library)
Current holds
0 current holds with 1 total copy.
View other formats and editions
Show All Copies
| Location | Call Number / Copy Notes | Barcode | Shelving Location | Status | Due Date |
|---|---|---|---|---|---|
| Red Lake Falls Public Library | j RAN (Text) | 35500005123417 | Main | Available | - |
Record details
- ISBN: 0879236612 :
- Physical Description: 350 p. : ill. ; 21 cm.
- Publisher: Boston : D.R. Godine, 1988.
Content descriptions
| Summary, etc.: | Follows the adventures of two groups of children ... Read More |
Search for related items by subject
| Subject: | Outdoor life > Juvenile fiction. Vacations > Juvenile fiction. Winter > Juvenile fiction. |
Search for related items by series
| LDR | 01058cam a2200289 a 4500 | ||
|---|---|---|---|
| 001 | 149319 | ||
| 003 | LARL_NWRL_CONSORTIUM | ||
| 005 | 20000302111811.0 | ||
| 008 | 880303s1988 maua j 000 1 eng | ||
| 010 | . | ‡a86046246 | |
| 020 | . | ‡a0879236612 : ‡c$9.95 | |
| 040 | . | ‡aDLC ‡cDLC ‡dGZD | |
| 042 | . | ‡alcac | |
| 049 | . | ‡aNRG | |
| 082 | 0 | 0. | ‡a[Fic] ‡219 |
| 100 | 1 | . | ‡aRansome, Arthur, ‡d1884-1967. ‡0(LARL_NWRL_CONSORTIUM)62397 |
| 245 | 1 | 0. | ‡aWinter holiday ‡n#4 / ‡cArthur Ransome ; illustrated by the author. |
| 260 | . | ‡aBoston : ‡bD.R. Godine, ‡c1988. | |
| 300 | . | ‡a350 p. : ‡bill. ; ‡c21 cm. | |
| 440 | 2. | ‡aA Godine storyteller. | |
| 490 | 0 | . | ‡aSwallows & Amazons ; ‡vbk. 4 |
| 520 | . | ‡aFollows the adventures of two groups of children who spend a winter holiday by a great lake next to the mountains. | |
| 650 | 0. | ‡aOutdoor life ‡vJuvenile fiction. | |
| 650 | 0. | ‡aVacations ‡vJuvenile fiction. | |
| 650 | 0. | ‡aWinter ‡vJuvenile fiction. | |
| 901 | . | ‡a149319 ‡bISxN ‡c149319 ‡tbiblio | |

Add to basket
Permalink
Disable Highlighting